<?xml version="1.0" encoding="UTF-8"?>
<record
    xmlns:xsi="http://www.w3.org/2001/XMLSchema-instance"
    xsi:schemaLocation="http://www.loc.gov/MARC21/slim http://www.loc.gov/standards/marcxml/schema/MARC21slim.xsd"
    xmlns="http://www.loc.gov/MARC21/slim">

  <leader>00878cam a2200253 a 4500</leader>
  <controlfield tag="001">3523564</controlfield>
  <controlfield tag="005">20161204111908.0</controlfield>
  <controlfield tag="008">960212s1996    maua          001 0 eng  </controlfield>
  <datafield tag="010" ind1=" " ind2=" ">
    <subfield code="a">   96010216 </subfield>
  </datafield>
  <datafield tag="020" ind1=" " ind2=" ">
    <subfield code="a">0875846513 (alk. paper)</subfield>
  </datafield>
  <datafield tag="020" ind1=" " ind2=" ">
    <subfield code="a">9780875846514</subfield>
  </datafield>
  <datafield tag="082" ind1="0" ind2="0">
    <subfield code="a">658.4012</subfield>
    <subfield code="2">20</subfield>
    <subfield code="b">KAP</subfield>
  </datafield>
  <datafield tag="100" ind1="1" ind2=" ">
    <subfield code="a">Kaplan, Robert S.</subfield>
    <subfield code="9">32714</subfield>
  </datafield>
  <datafield tag="245" ind1="1" ind2="4">
    <subfield code="a">The Balanced Scorecard :</subfield>
    <subfield code="b">Translating Strategy Into Action /</subfield>
    <subfield code="c">Robert S. Kaplan, David P. Norton.</subfield>
  </datafield>
  <datafield tag="260" ind1=" " ind2=" ">
    <subfield code="a">Boston, Mass. :</subfield>
    <subfield code="b">Harvard Business School Press,</subfield>
    <subfield code="c">c1996.</subfield>
  </datafield>
  <datafield tag="300" ind1=" " ind2=" ">
    <subfield code="a">xi, 322 p. :</subfield>
    <subfield code="b">ill. ;</subfield>
    <subfield code="c">24 cm.</subfield>
  </datafield>
  <datafield tag="500" ind1=" " ind2=" ">
    <subfield code="a">Includes index.</subfield>
  </datafield>
  <datafield tag="650" ind1=" " ind2="0">
    <subfield code="a">Strategic planning.</subfield>
    <subfield code="9">32731</subfield>
  </datafield>
  <datafield tag="650" ind1=" " ind2="0">
    <subfield code="a">Organizational effectiveness</subfield>
    <subfield code="x">Evaluation.</subfield>
    <subfield code="9">32732</subfield>
  </datafield>
  <datafield tag="653" ind1=" " ind2=" ">
    <subfield code="b">Bus</subfield>
    <subfield code="c">February2013</subfield>
    <subfield code="c">March2013</subfield>
  </datafield>
  <datafield tag="650" ind1=" " ind2="0">
    <subfield code="9">32730</subfield>
    <subfield code="a">Industrial productivity</subfield>
    <subfield code="x">Measurement</subfield>
  </datafield>
  <datafield tag="700" ind1="1" ind2=" ">
    <subfield code="a">Norton, David P.,</subfield>
    <subfield code="d">1941-</subfield>
    <subfield code="9">32718</subfield>
  </datafield>
  <datafield tag="942" ind1=" " ind2=" ">
    <subfield code="2">ddc</subfield>
    <subfield code="c">BB</subfield>
  </datafield>
  <datafield tag="999" ind1=" " ind2=" ">
    <subfield code="c">17328</subfield>
    <subfield code="d">17300</subfield>
  </datafield>
  <datafield tag="952" ind1=" " ind2=" ">
    <subfield code="0">0</subfield>
    <subfield code="1">0</subfield>
    <subfield code="2">ddc</subfield>
    <subfield code="4">0</subfield>
    <subfield code="7">0</subfield>
    <subfield code="8">Baccah</subfield>
    <subfield code="a">MAIN</subfield>
    <subfield code="b">MAIN</subfield>
    <subfield code="c">1ST</subfield>
    <subfield code="d">2013-02-26</subfield>
    <subfield code="e">purchase</subfield>
    <subfield code="l">2</subfield>
    <subfield code="m">12</subfield>
    <subfield code="o">658.4012 KAP</subfield>
    <subfield code="p">000028383</subfield>
    <subfield code="r">2025-07-15 00:00:00</subfield>
    <subfield code="s">2016-10-15</subfield>
    <subfield code="y">BB</subfield>
  </datafield>
  <datafield tag="952" ind1=" " ind2=" ">
    <subfield code="0">0</subfield>
    <subfield code="1">0</subfield>
    <subfield code="2">ddc</subfield>
    <subfield code="4">0</subfield>
    <subfield code="7">0</subfield>
    <subfield code="8">Baccah</subfield>
    <subfield code="a">MAIN</subfield>
    <subfield code="b">MAIN</subfield>
    <subfield code="c">1ST</subfield>
    <subfield code="d">2013-02-26</subfield>
    <subfield code="e">purchase</subfield>
    <subfield code="l">1</subfield>
    <subfield code="o">658.4012 KAP</subfield>
    <subfield code="p">000028384</subfield>
    <subfield code="r">2025-07-15 00:00:00</subfield>
    <subfield code="s">2013-03-13</subfield>
    <subfield code="y">BB</subfield>
  </datafield>
  <datafield tag="952" ind1=" " ind2=" ">
    <subfield code="0">0</subfield>
    <subfield code="1">0</subfield>
    <subfield code="2">ddc</subfield>
    <subfield code="4">0</subfield>
    <subfield code="7">0</subfield>
    <subfield code="8">Baccah</subfield>
    <subfield code="a">MAIN</subfield>
    <subfield code="b">MAIN</subfield>
    <subfield code="c">1ST</subfield>
    <subfield code="d">2013-03-26</subfield>
    <subfield code="e">purchase</subfield>
    <subfield code="l">1</subfield>
    <subfield code="m">26</subfield>
    <subfield code="o">658.4012 KAP</subfield>
    <subfield code="p">000028629</subfield>
    <subfield code="r">2025-07-15 00:00:00</subfield>
    <subfield code="s">2014-06-03</subfield>
    <subfield code="y">BB</subfield>
  </datafield>
</record>
